Geografía - Cierto o Falso #4 - Estadísticas

Estadísticas generales
  • Esta prueba ha sido intentada 222 veces
  • La puntuación promedio es 12 de 18
Estadísticas de respuestas
Pregunta Respuesta % Correcto
India tiene más de 1.000 millones de habitantes Cierto
96%
Irán es el país con más musulmanes chiíes Cierto
89%
No hay volcanes activos en Europa Falso
89%
En África vive más gente que en Europa Cierto
84%
Omán es una monarquía Cierto
82%
Francia tiene más superficie que Argelia Falso
80%
Túnez es el país más al norte en África Cierto
78%
Las Islas Galápagos forman parte de Chile Falso
78%
No hay países europeos de mayoría musulmana Falso
78%
Maryland está situada en la bahía de Chesapeake Cierto
73%
Noruega es un país exportador de petróleo Cierto
67%
Taiwán es miembro de las Naciones Unidas Falso
62%
Nueva Zelanda es el país geográficamente más cercano a Australia. Falso
60%
El 100% de Brasil está en el hemisferio occidental Cierto
53%
La Antártida tiene especies arbóreas autóctonas Falso
51%
Miami está en el Golfo de México Falso
40%
Aparte de Alaska, Maine es el estado más al norte de EE.UU. Falso
24%
Las Bermudas están situadas en el Mar Caribe Falso
22%
No se encontraron pruebas coincidentes
Distribución de puntuación
Porcentaje de gente con cada puntuación
Porcentaje por número respondido
Historial de tus puntuaciones
No has intentado esta prueba.